| 000 | 00365nam a22001577a 4500 | ||
|---|---|---|---|
| 003 | OSt | ||
| 005 | 20240816124809.0 | ||
| 007 | 191 | ||
| 008 | 240816b |||||||| |||| 00| 0 eng d | ||
| 020 | _a97814221777808 | ||
| 040 | _c | ||
| 082 |
_a650.4063 _bMAR |
||
| 245 |
_aThe design of Business _cMartin, Roger |
||
| 260 | _bHBRP | ||
| 942 |
_2ddc _cBK _k650.4063 _mMAR _n0 |
||
| 999 |
_c36075 _d36075 |
||